| 000 | 00554nab a2200193 a 4500 | ||
|---|---|---|---|
| 005 | 20210219160848.0 | ||
| 008 | 991125s1985 mx 000 0 spa u | ||
| 035 | _aUPN01000174004 | ||
| 100 | 1 | _aPérez Bescanza, Isabel | |
| 222 | _aPSICOLOGIA Y SALUD | ||
| 245 | _aApoyo psicológico en una joven anoréxica : un estudio de caso | ||
| 260 | _aVeracruz, México | ||
| 300 | _a157-161 | ||
| 362 | 0 | _a2009 Vol. 19, no. 1, ene.-jun. | |
| 653 | 0 | _aANOREXIA NERVIOSA | |
| 653 | 0 | _aFAMILIA | |
| 653 | 0 | _aINTERVENCION PSICOLOGICA | |
| 905 | _aArticulo | ||
| 999 |
_c146108 _d146108 |
||